000 01871nam a2200241Ia 4500
001 IA_Before this uncertain panorama, the installation of palenque properly technified for the processing of mezcalero maguey is contemplated (Agave angustifolia Haw), without losing the artisan techniques that have been worth him the world-wide recognition to the state of Oaxaca. With this project it is tried to revert this adverse situation generating the following benefits economic: (1) Income for the families of the group of producers; (2) to elevate its standard of life; (3) To finance in a future its production; (4) To increase the agricultural productivity; (5) the interaction and the fortification of the maguey-mezcal productive chain. In agreement with the financial analysis for this project it indicates to us that a relation will be obtained beneficio/costo of 1,12, an internal rate of return (TIR) of 31,5 %, a net present value (VAN) of 179.924,76 and one relation benefit net investment of the order of 3.34. This way the present project tries to directly benefit 6 families, 62 of indirect way, composed of a total of 233 people.
002 INSTALACION DE UN PALENQUE PARA LA PRODUCCION DE M
008 220117s xx 000 0 und d
010 _a182899
530 _aDisponible en PDF
583 _a2 ej. imp.
650 _aAlcoholes etílicos
_9148013
650 _aDistilled spirits
_9148015
650 0 _aEntrepreneurship
_zMéxico
_zOaxaca
_9149795
650 0 _aIniciativa empresarial
_zMéxico
_zOaxaca
_9149796
650 _aMezcal
_xProducción
_9155015
650 _aMezcal
_xProduction
_9155016
700 _aMuñante Pérez, Domingo M., asesor
_9163668
700 1 _aPonce Hernández, Pedro
_9147918
700 _aRubio Hernández, David, asesor
_9157592
942 _cTESIS C37 2005
999 _c182899
_d182899